| Tag |
First Indicator |
Second Indicator |
Subfields |
| LEADER |
00000cam a2200000 a 4500 |
| 001 |
in00000072714 |
| 005 |
20151008054611.0 |
| 008 |
800902s1979 enka b 10110 eng d |
| 020 |
|
|
|a 0852962118
|
| 035 |
|
|
|a (OCoLC)06673398
|
| 035 |
|
|
|9 AAJ1134AM
|
| 040 |
|
|
|a CLE
|c CLE
|d m.c.
|d TXA
|d UtOrBLW
|
| 049 |
|
|
|a TXAM
|c [1406950]
|
| 090 |
|
|
|a TK5621
|b .I57 1980
|
| 111 |
2 |
|
|a International Conference on Submarine Telecommunications Systems
|d (1980 :
|c Institution of Electrical Engineers)
|
| 245 |
1 |
0 |
|a International Conference on Submarine Telecommunications Systems :
|b [proceedings], 26-29 February, 1980 /
|c organised by the Electronics Division of the Institution of Electrical Engineers, in association with the Institute of Electronics and Communication Engineers of Japan [and others].
|
| 264 |
|
1 |
|a London ;
|b [publisher not identified] ;
|a New York : Institution of Electrical Engineers,
|c [1979]
|
| 264 |
|
4 |
|c ©1979
|
| 300 |
|
|
|a vii, 184 pages :
|b illustrations ;
|c 30 cm.
|
| 336 |
|
|
|a text
|b txt
|2 rdacontent
|
| 337 |
|
|
|a unmediated
|b n
|2 rdamedia
|
| 338 |
|
|
|a volume
|b nc
|2 rdacarrier
|
| 490 |
1 |
|
|a IEE conference publication,
|v no. 183
|
| 500 |
|
|
|a Cover title: Submarine Telecommunications Systems.
|
| 504 |
|
|
|a Includes bibliographical references and index.
|
| 650 |
|
0 |
|a Cables, Submarine
|x Congresses.
|
| 650 |
|
0 |
|a Telecommunication systems
|v Congresses.
|
| 710 |
2 |
|
|a Institution of Electrical Engineers.
|b Electronics Division.
|
| 710 |
2 |
|
|a Denshi Tsūshin Gakkai.
|
| 740 |
0 |
|
|a Submarine telecommunications systems.
|
| 830 |
|
0 |
|a Conference publication (Institution of Electrical Engineers) ;
|v no. 183.
|
| 999 |
|
|
|a MARS
|
| 999 |
f |
f |
|s eb4b9e71-81a7-310d-82a8-499c9fe8c2c9
|i 8b1835a0-203f-3d3f-8ea8-8043ddec1342
|t 0
|
| 952 |
f |
f |
|p ric
|a Texas A&M University
|b Rellis Campus
|c Joint Library Facility
|d Remote Storage
|t 0
|e TK5621 .I57 1980
|h Library of Congress classification
|i unmediated -- volume
|m A14806251583
|
| 998 |
f |
f |
|a TK5621 .I57 1980
|t 0
|l Remote Storage
|